| 000 | 00571nab a2200181 a 4500 | ||
|---|---|---|---|
| 005 | 20210219160002.0 | ||
| 008 | 991125s1985 mx 000 0 spa u | ||
| 035 | _aUPN01000156140 | ||
| 100 | 1 | _aPadilla Arroyo, Antonio | |
| 222 | _aPERFILES EDUCATIVOS | ||
| 245 | _aAcademias de preceptores en el Estado de México : espacios de construcción del saber pedagógico en el Porfiriato | ||
| 260 | _aMéxico | ||
| 300 | _a37-60 | ||
| 362 | 0 | _a2006 3a época, vol. 28, no. 114 | |
| 653 | 0 | _aPORFIRIATO, 1877-1911 | |
| 653 | 0 | _aHISTORIA EDUCATIVA | |
| 905 | _aArticulo | ||
| 999 |
_c128254 _d128254 |
||